| 000 | 02510cam a22005654i 4500 | ||
|---|---|---|---|
| 003 | PE-LiUPU | ||
| 005 | 20250731165618.0 | ||
| 008 | 150616s r 000 0 d | ||
| 035 | _a(Sirsi) a6000 | ||
| 035 | _a(Sirsi) a6000 | ||
| 040 |
_aPE-LiUPU _bspa _cPE-LiUPU _erda |
||
| 049 | _aPRUA | ||
| 082 | 0 | 4 |
_a221.008 _bAB113 _221 |
| 100 | 1 |
_aZesati Estrada, Carlos, _eautor. |
|
| 245 | 1 | 0 |
_aHebreos 5, 7-8 : _bEstudio histórico-exegético. _n113 / _cCarlos Zesati Estrada. |
| 264 | 1 |
_aRoma : _bEditrice Pontificio Istituto Biblico, _c1990. |
|
| 300 |
_a392 páginas ; _c24 cm. |
||
| 336 |
_atext _2rdacontent |
||
| 337 |
_aunmediated _2rdamedia |
||
| 338 |
_avolume _2rdacarrier |
||
| 490 | 0 |
_aAnalecta Biblica ; _v113 |
|
| 504 | _aBibliografía: páginas 321-352. | ||
| 505 | 0 | _acontexto histórico y origen de la formulación.- Orientación fundamental.- Ofrecimiento de oraciones y súplicas: ¿oblación sacerdotal?.- Objeto de la oración de cristo.- Aceptación de la oración.- Perfeccionamiento de Cristo por los padecimientos. | |
| 526 | _aSEG44 | ||
| 526 | _aSEG26 | ||
| 526 | _aP151 | ||
| 526 | _aP150 | ||
| 526 | _aP149 | ||
| 526 | _aP146 | ||
| 526 | _aP145 | ||
| 526 | _aP126 | ||
| 526 | _aP125 | ||
| 526 | _aP92 | ||
| 526 | _aP75 | ||
| 526 | _aP74 | ||
| 526 | _aP27 | ||
| 526 | _aP15 | ||
| 600 | 1 |
_aJesucristo _xInterseción |
|
| 630 |
_aBiblia. _pN.T. _pHebreos _xComentarios. |
||
| 910 |
_ajck _bjvq _cjck |
||
| 942 |
_2ddc _cBOOK |
||
| 949 |
_aRC 221.008 AB 113 _wDEWEY _c1 _i38049 _lRC _mBUL _r0 _sY _tBOOK _u2015-6-16 _xTEOLOGIA _zUNKNOWN _0COMPRA _o.CIRCNOTE. No olvidar cambiar la fecha de devolución!!!!!!! _o.STAFF. Colección General |
||
| 949 |
_aRC 221.008 AB 113 _wDEWEY _c2 _i31836 _lRC _mBUL _r0 _sY _tBOOK _u2015-6-16 _xTEOLOGIA _zUNKNOWN _0COMPRA _o.CIRCNOTE. No olvidar cambiar la fecha de devolución!!!!!!! _o.STAFF. Colección General |
||
| 994 |
_aC0 _bPEPRU |
||
| 596 | _a1 | ||
| 999 |
_aRC 221.008 AB 113 _wDEWEY _c57088 _i38049 _f2021-11-8 _g6 _lCCODEBUL1 _mBUL _r1 _sY _tBOOK _u2015-6-16 _xTEOLOGIA _zUNKNOWN _0COMPRA _o.CIRCNOTE. No olvidar cambiar la fecha de devolución!!!!!!! _o.STAFF. Colección General _d57088 |
||
| 999 |
_aRC 221.008 AB 113 _wDEWEY _c2 _i31836 _f2021-11-8 _g6 _lCCODEBUL1 _mBUL _r1 _sY _tBOOK _u2015-6-16 _xTEOLOGIA _zUNKNOWN _0COMPRA _o.CIRCNOTE. No olvidar cambiar la fecha de devolución!!!!!!! _o.STAFF. Colección General |
||
| 980 |
_81 _gALBERTO SANCHEZ Responsable de Automatización |
||